Deeper writing: quick writes and mentor texts to illuminate new possibilities

Gardado en:
Detalles Bibliográficos
Autor Principal: HOLLAND, Robin W.
Formato: Libro
Idioma:inglés
Publicado: CORWIN Press 2013
Tags: Engadir etiqueta
Sen Etiquetas, Sexa o primeiro en etiquetar este rexistro!

MARC

LEADER 00000nam a22000007a 4500
008 210819b ||||| |||| 00| 0 eng d
020 |a ISBN: 978-1-4522-2994-2 
100 |a HOLLAND, Robin W. 
245 |a Deeper writing:  |c /Robin W. Holland   |g  xii, 219p. ill:  |b quick writes and mentor texts to illuminate new possibilities 
260 |b  CORWIN Press  |c 2013  |h Thousand Oaks, Calif.  |i 692777- ART  |i 692778   |l PE1404 .H72  |m 1. English language – Study and teaching.  |m 2. Creative writing  |d Book 
500 |a “It includes index and references” 
942 |a lcc  |c BK  |e j. o. ifatola  |f 19/ 08/ 2021 
952 |0 0  |1 0  |2 lcc  |4 0  |7 0  |9 3169  |a ART  |b HOL  |c LP  |d 2021-08-19  |o PE1404 .H72  |p 2021-66867  |r 2021-08-19 00:00:00  |t 692777  |w 2021-08-19  |y BK 
952 |0 0  |1 0  |2 lcc  |4 0  |7 0  |9 3170  |a HOL  |b HOL  |c LP  |d 2021-08-19  |o PE1404 .H72  |p 2021-66868  |r 2021-08-19 00:00:00  |t 692778  |w 2021-08-19  |y BK 
999 |c 1602  |d 1602